| 000 | 01150cam a2200325 a 4500 | ||
|---|---|---|---|
| 999 |
_c60436 _d60436 |
||
| 001 | 17334674 | ||
| 005 | 20230717154106.0 | ||
| 008 | 120606s2013 dcu 000 0 eng | ||
| 010 | _a 2012022203 | ||
| 020 | _a9781433812071 X | ||
| 020 | _a143381207X | ||
| 040 |
_aDLC _cDLC _dDLC |
||
| 042 | _apcc | ||
| 050 | 0 | 0 |
_aRC467 _b.A63 2013 |
| 080 | _a159.9+61A-66 | ||
| 245 | 0 | 0 |
_aAPA dictionary of clinical psychology / _cGary R. VandenBos, editor in chief. |
| 246 | 3 | _aA.P.A. dictionary of clinical psychology | |
| 246 | 3 | 0 | _aDictionary of clinical psychology |
| 250 | _a1st ed. | ||
| 260 |
_aWashington, DC : _bAmerican Psychological Association, _cc2013. |
||
| 300 |
_axi, 636 p. ; _c24 cm. |
||
| 650 | 0 |
_aClinical psychology _vDictionaries. _919395 |
|
| 650 | 0 |
_aPsychotherapy _vDictionaries. _919396 |
|
| 653 | _aᲙლინიკური ფსიქოლოგია | ||
| 700 | 1 |
_aVandenBos, Gary R. რედაქტორი _919397 |
|
| 710 | 2 |
_aAmerican Psychological Association. _919398 |
|
| 906 |
_a7 _bcbc _corignew _d1 _eecip _f20 _gy-gencatlg |
||
| 942 |
_2udc _cBK |
||
| 955 |
_bxh11 2012-06-06 _ixh11 2012-06-06 to Dewey |
||